=LDR 00000nam 2200000 4500 =001 INLIS000000000028485 =005 20200207100445 =035 ##$$a 0010-061300000028485 =008 200207################g##########0#ind## =020 ##$$a 979-731-577-0 =082 ##$$a 005.3 =090 ##$$a 0005.3 Pen p2 =245 ##$$a Penuntun praktis membuat prersentasi dengan microsoft powerpoint XP /$c Tim =260 ##$$a Jakarta :$b ANDI,$c 2005 =300 ##$$a xii, 196 hlm : $b Ilus ; $c 23 x 16 cm. =084 ##$$a 005.3 Pen p =650 #4$$a Aplikasi Komputer - Mcrosoft Powerpoint XP =990 ##$$a 87.599/Pro.95 =990 ##$$a 0001/BPAP-NTB/20142015 =990 ##$$a 20601025 =990 ##$$a 87.599/Pro.95 =990 ##$$a 87.599/Pro.95 =990 ##$$a 20601025